L'empire romain (que sais-je?) /

Guardado en:
Autor Principal: Le Roux, Patrick
Formato: Libro
Publicado: Paris : Presses Universitaires De France, 2005
Series:Que Sais-je? ; 1536
Materias:
Etiquetas: Agregar Etiqueta
Sin Etiquetas, Sea el primero en etiquetar este registro!
LEADER 00561nam a22001935a 4500
001 EHU.bham028719
003 AR-BHAM
005 20110518143557.0
008 130507s2005##################000#0#####d
082 9 3 |a 937 
100 1 |a Le Roux, Patrick 
245 1 0 |a L'empire romain (que sais-je?) /  |c Patrick Le Roux 
260 |a Paris :  |b Presses Universitaires De France,  |c 2005 
300 |a 127 p. 
490 0 |a Que Sais-je? ; 1536 
653 |a Imperio romano 
653 |a Roma 
653 |a Historia de roma 
859 |a AR-BHAM  |b BIB. HUMANIDADES - General  |h 937  |i L562  |p 1122.05  |t Ej.1